Kvitnú ruže červené 1. časť

Podrobná bibliografia
Hlavný autor: Bieliauskas, Alfonsas, 1923-2018 (Autor)
Ďalší autori: Kalafutová, Viktória (Prekladateľ), Urban, Ervín, 1931-1997 (Ilustrátor)
Médium: Kniha
Jazyk:slovenčina
ruština
Fyzický popis:281, [2] s. 8°
Vydavateľské údaje: Bratislava Tatran 1974
Vydanie:1. vyd.
Edícia:Prameň
Predmet:

MARC

LEADER 00000cam a2200000 a 4500
001 vtls001305874
003 SK-MaSNL
005 20260409164631.0
008 250312s1974 xo a gr 000 f slo
035 |a SNK000258117 
035 |a urn:nbn:sk:snk-amye5c 
035 |a urn:nbn:sk:snk-am00cg1z 
035 |a 5C2B8BB9-B30B-4226-994E-7097EE7C6C32 
040 |a SNK  |b slo  |c SNK  |e AACR2 
041 1 |a slo  |h rus 
044 |a xo  |c SK 
080 |a 821.172-31  |2 2011 
100 1 |a Bieliauskas, Alfonsas,  |d 1923-2018  |4 aut  |9 632177 
240 1 0 |a Cvetnut rozy alye  |l Slovensky 
245 1 0 |a Kvitnú ruže červené  |n 1. časť  |c Alfonsas Bieliauskas ; z ruského originálu preložila Viktória Kalafutová ; ilustroval Ervín Urban 
250 |a 1. vyd. 
260 |a Bratislava  |b Tatran  |c 1974 
300 |a 281, [2] s.  |c 8° 
490 0 |a Prameň  |v zv. 169 
655 7 |a litovské romány  |2 SNKPH  |9 80116 
700 1 |a Kalafutová, Viktória  |4 trl  |9 1636564 
700 1 |a Urban, Ervín,  |d 1931-1997  |4 ill  |9 93159 
830 0 |a Prameň  |9 280290 
852 |a Slovenská národná knižnica 
954 |a beletria cudzojazyčná (svetová)  |2 lita 
958 |a OND 
999 |c 974032  |d 975962 
952 |a SNK  |b SNK  |y PREZ  |7 0  |p 17A1151226  |o snkSD 44216/1  |i snkKSP 6290/74  |0 0  |1 0  |4 0  |d 1997-10-09  |f 1  |l 0  |r 2005-01-02 00:00:00  |w 2026-02-24 
952 |t P60, <03>, [BOOK], {603}  |a SNK  |b SNK  |y PREZ  |7 0  |o snkSD 44216/1 D1  |i snkKSP 6291/74  |0 0  |1 0  |4 0  |d 1997-10-09  |l 0  |r 2005-01-02 00:00:00  |w 2026-02-24